Effectif OM - Saison 2024/2025 - Statistiques

Statistiques générales
  • Ce quiz a été pris 202 fois
  • Le résultat moyen est 21 sur 30
Statistiques - réponses
Nationalité Numéro Poste Joueur % Correct
Argentine 1 G Gerónimo Rulli
99%
Angleterre / Jamaïque 10 A Mason Greenwood
95%
Argentine 5 D Leonardo Balerdi
94%
Algérie 9 A Amine Gouiri
93%
Maroc 11 M Amine Harit
92%
France 25 M Adrien Rabiot
89%
Panama 62 D Amir Murillo
88%
France 21 M Valentin Rongier
88%
République centrafricaine 19 M Geoffrey Kondogbia
85%
République démocratique du Congo 99 D Chancel Mbemba
84%
Brésil 44 A Luis Henrique Tomaz de Lima
84%
Algérie 22 M Ismaël Bennacer
82%
Canada 13 D Derek Cornelius
80%
France 3 D Quentin Merlin
77%
Angleterre 17 A Jonathan Rowe
75%
Espagne 29 D Pol Lirola
75%
Bosnie-Herzégovine 77 D Amar Dedić
74%
Maroc 26 M Bilal Nadir
74%
France / Argentine 8 A Neal Maupay
74%
Hollande 12 G Jeffrey de Lange
68%
Espagne 36 G Ruben Blanco
68%
Suisse 6 D Ulisses Garcia
68%
Danemark 23 M Pierre-Émile Højbjerg
67%
Cameroun 14 A Faris Moumbagna
62%
Italie 4 D Luiz Felipe Ramos
62%
France 50 M Darryl Bakola
47%
France 47 M Gaël Lafont
31%
Belgique 40 G Jelle van Neck
23%
France 48 A Keyliane Abdallah
23%
France 45 M Yanis Sellami
9%
Aucun quiz correspondant
Distribution des résultats
% des personnes avec chaque résultat
Percentile par nombre de réponses
Votre historique - résultats
Vous n’avez pas pris ce quiz